| 000 | 01186nam a2200301 a 4500 | ||
|---|---|---|---|
| 001 | BRCA_2059 | ||
| 005 | 20190320203644.0 | ||
| 008 | 060808s1994----mx-a---###---#000-0#spa-# | ||
| 020 | _a9686120335 (Obra completa) | ||
| 041 | _aspa | ||
| 044 | _amx | ||
| 050 | 4 |
_aF1213 _b.C43 1994 |
|
| 100 | 1 |
_aCharnay, Désiré _d1828-1915 _96275 |
|
| 245 | 1 | 0 |
_aCiudades y ruinas americanas _bMitla, Palenque, Izamal, Chichén Itza, Uxmal _creunidas y fotografiadas por Désiré Charnay ; traducción y nota introductoria de Víctor Jiménez. |
| 260 |
_aMéxico _bBanco de México _c1994 |
||
| 300 |
_a2 v. _bil. _c28 cm. |
||
| 500 | _aIncluye lista de figuras (v.2) | ||
| 500 | _a2do. ejemplar en el Área de Investigación | ||
| 504 | _aBibliografía: p. 275-281 (v.1) | ||
| 505 | 0 | _aContenido: v.1. México, 1858-1861 recuerdos e impresiones de viaje. -- v.2. Álbum de fotografías | |
| 650 | 1 | 4 |
_aCiudades extintas _zMéxico _96276 |
| 650 | 1 | 4 |
_aIndígenas de México _xAntigüedades _9509 |
| 651 | 4 |
_aMéxico _xDescripción y viajes _9103 |
|
| 651 | 4 |
_aMéxico _xAntigüedades _92765 |
|
| 653 | 0 | _aViajeros extranjeros en México | |
| 700 | 1 |
_aJiménez, Víctor _93132 |
|
| 942 |
_2lcc _cB |
||
| 999 |
_c1822 _d1822 |
||